The future training and role of quantity surveyors in multi-discipline industrial engineering projects (Record no. 96029)

MARC details
000 -LEADER
fixed length control field 00660cam a2200217 4500
001 - CONTROL NUMBER
control field D5908
008 - FIXED-LENGTH DATA ELEMENTS--GENERAL INFORMATION
fixed length control field 090401t xxu||||| |||| 00| 0 eng d
035 ## - SYSTEM CONTROL NUMBER
System control number (Sirsi) u75506
041 ## - LANGUAGE CODE
Language code of text/sound track or separate title eng
050 ## - LIBRARY OF CONGRESS CALL NUMBER
Classification number 692.507
110 ## - MAIN ENTRY--CORPORATE NAME
Corporate name or jurisdiction name as entry element Institute of Quantity Surveyors Research and Development Sub-Committee
9 (RLIN) 2496
245 #4 - TITLE STATEMENT
Title The future training and role of quantity surveyors in multi-discipline industrial engineering projects
260 ## - PUBLICATION, DISTRIBUTION, ETC.
Place of publication, distribution, etc. London
Name of publisher, distributor, etc. IQS
Date of publication, distribution, etc. 1977?
300 ## - PHYSICAL DESCRIPTION
Extent 14 leaves
Dimensions 30cm
350 ## - PRICE (NR) (BK AM CF MU VM SE) [OBSOLETE]
Price 0
650 ## - SUBJECT ADDED ENTRY--TOPICAL TERM
Topical term or geographic name entry element MULTI-DISCIPLINARY PRACTICES
650 ## - SUBJECT ADDED ENTRY--TOPICAL TERM
Topical term or geographic name entry element QUANTITY SURVEYORS
690 ## - LOCAL SUBJECT ADDED ENTRY--TOPICAL TERM (OCLC, RLIN)
Topical term or geographic name as entry element Quantity surveying
9 (RLIN) 6263
942 ## - ADDED ENTRY ELEMENTS (KOHA)
Suppress in OPAC 0
948 ## - LOCAL PROCESSING INFORMATION (OCLC); SERIES PART DESIGNATOR (RLIN)
c (OCLC) 04/03/1997
Holdings
Withdrawn status Lost status Source of classification or shelving scheme Damaged status Not for loan Home library Current library Shelving location Date acquired Total Checkouts Full call number Barcode Date last seen Date last checked out Copy number Price effective from Koha item type
    Dewey Decimal Classification     London London Basement 14/09/1999 2 SHELF 328 30021176 06/08/2019 26/04/2002 1 06/08/2019 Book